000
00221 a2200097 4500
000
nam a22 7a 4500
005
20260130111426.0
100
_a
Ramakrishnan, Venki
_9
1112899
245
_a
Gene Machine
942
_c
TEXL
999
_c
1678406
_d
1678406